Statistics for Washington Wizards Draft Picks

Click here to take the quiz!

General Stats

  • This quiz has been taken 2 times
  • The average score is 6 of 416

Answer Stats

YearPickPlayer% Correct
20123Bradley Beal
100%
20209Deni Avdija
100%
20101John Wall
100%
20199Rui Hachimura
100%
202115Corey Kispert
50%
202210Johnny Davis
50%
20011Kwame Brown
50%
201815Troy Brown
50%
201549Aaron White
0%
199037A.J. English
0%
1968138Al Dixon
0%
1966103Al Lopes
0%
196732Al Salvadori
0%
197256Al Sanders
0%
200549Andray Blatche
0%
197946Andrew Parker
0%
198621Anthony Jones
0%
1978125Archie Aldridge
0%
197365Aron Stewart
0%
201354Arsalan Kazemi (↳PHI)
0%
1968206Art Kenney
0%
1972161Arvin Watkins
0%
1972184Aubrey Nash
0%
198682Barry Mungar
0%
196896Barry Orms
0%
1969113Barry White
0%
1970193Ben McGilmer
0%
196439Bennie Lenox
0%
1983172Bernard Perry
0%
196132Bill Bridges
0%
197649Bill Cook
0%
1967103Bill Gillespie
0%
196246Bill Hanson
0%
196481Bill Kusleika
0%
19621Bill McGill
0%
197054Bill Stricker
0%
1969179Bill Thompson
0%
197066Billy Jones
0%
1984122Blaise Bugajski
0%
196448Bobby Joe Edmonds
0%
1971188Bob Connor
0%
196297Bob Mahland
0%
196818Bob Quick
0%
196756Bob Riedy
0%
197717Bo Ellis (↳DEN)
0%
196579Bogie Redmon
0%
199232Brent Price
0%
1969215Brian Heaney
0%
1975143Bruce Hamming
0%
1977105Bruce Parkinson
0%
198225Bryan Warrick
0%
1967114Bubba Smith
0%
1965108Bunk Adams
0%
1982127Byron Williams
0%
19936Calbert Cheaney
0%
199935Calvin Booth
0%
1977147Calvin Brown
0%
196272Carroll Broussard
0%
198135Charles Davis
0%
196542Charles Dinkins
0%
197966Charles Floyd
0%
1970117Charlie Wallace
0%
1973187Chet Davis
0%
1969211Chip Case
0%
1966110Chris Pervall
0%
201118Chris Singleton
0%
196680Chuck Gardner
0%
1971175Chuck Olkowski
0%
1982104Clarence Dickerson
0%
198141Claude Gregory
0%
1980191Clinton Wyatt
0%
1976154Clyde Agnew
0%
198499Colin Irish
0%
199338Conrad McRae
0%
196237Cornell Green
0%
1973172Dale Adams
0%
196840Dallas Thornton
0%
198380Dan Gay
0%
198759Danny Pearson
0%
196466Danny Schultz
0%
197382Danny Traylor
0%
1983149Danny Womack
0%
198357Darren Daye
0%
1984168Darryl Odom
0%
1980105Daryl Strickland
0%
197818Dave Corzine
0%
198658Dave Henderson
0%
1965104Dave Hicks
0%
196664Dave Mills
0%
196159Dave Voss
0%
196625Dave Wagnon
0%
197783David Reavis
0%
1985104Dean Shaffer
0%
1968192Dennis Black
0%
197430Dennis DuVal
0%
1971111Dennis Hogg
0%
198737Derrick Dowell
0%
20045Devin Harris (↳DAL)
0%
196744Dexter Westbrook
0%
1973162Dicky Kelly
0%
198281Dino Gregory
0%
200747Dominic McGuire
0%
1983126Donald Carroll
0%
1982217Donald Sinclair
0%
1970203Don Debardelaben
0%
197177Don Johnson
0%
196113Don Kojis
0%
196219Don Nelson
0%
1970229Don Rather
0%
1980207Don Youman
0%
1975160Doug Brookins
0%
196114Doug Moe
0%
196496Doug Moon
0%
198941Doug Roth
0%
198736Duane Washington
0%
197289Dwaine Dillard
0%
1987128Dwayne Scholten
0%
198241Dwight Anderson
0%
19672Earl Monroe
0%
198860Ed Davender
0%
1981193Eddie Brown
0%
1971160Eddie Myers
0%
1978145Ed Hopkins
0%
198939Ed Horton
0%
196780Ed Manning
0%
1968175Ernest Sims
0%
1977127Ernie Wansley
0%
197571Fessor Leonard
0%
1975126Fletcher Johnson
0%
198081Francois Wise
0%
1969141Frank Bartleson
0%
198111Frank Johnson
0%
196492Frank Kaminski
0%
196943Fred Carter
0%
196488Fred Glover
0%
198444Fred Reynolds
0%
1979128Garcia Hopkins
0%
1981103Garry Witts
0%
197485Gary Anderson
0%
19643Gary Bradds
0%
1972191Gary Handleman
0%
1969127Gary Major
0%
1967153Gary Williams
0%
197083Gary Zeller
0%
196957Gene Ford
0%
1966112Gene Visscher
0%
19709George Johnson (↳BAL)
0%
196635George Peeples
0%
1967161George Spencer
0%
1969155Gerald McKee
0%
199330Gheorghe Mureșan
0%
1984212Glynn Myrick
0%
199745God Shammgod
0%
1966100Grant Simmons
0%
19774Greg Ballard
0%
199035Greg Foster
0%
1968200Gregg Morris
0%
196311Gus Johnson
0%
196687Guy Manning
0%
198334Guy Williams
0%
198812Harvey Grant
0%
200847Henry Walker
0%
1966107Howard Bayne
0%
1973192Howard White
0%
196150Howie Carl
0%
1983215Isaiah Singletary
0%
201844Issuf Sanon
0%
196255Jack Ardon
0%
19665Jack Marin
0%
196833Jack Thompson
0%
196110Jack Turner
0%
199843Jahidi White
0%
1982196James Terry
0%
1987150Jamie Dixon
0%
20116Jan Veselý
0%
200211Jared Jeffries
0%
200310Jarvis Hayes
0%
196882Jasper Wilson
0%
200818JaVale McGee
0%
196999Jeff Claypool
0%
196123Jeff Cohen
0%
198310Jeff Malone
0%
196655Jeff Neuman
0%
196287Jeff Slade
0%
201519Jerian Grant (↳NYK ↳ATL)
0%
200932Jermaine Taylor
0%
1982112Jerry Davis
0%
196111Jerry Graves
0%
1965100Jerry Rook
0%
197761Jerry Schellenberg
0%
19656Jerry Sloan
0%
196421Jerry Sloan
0%
1967160Jerry Southwood
0%
1966111Jerry Trice
0%
1972122Jim Floyd
0%
198476Jim Grandholm
0%
1966105Jim Harter
0%
1968210Jim LaCour
0%
199432Jim McIlvaine
0%
196567Jim Murphy
0%
196713Jimmy Jones
0%
1969194Jodie Harrison
0%
1968184Joe Allen
0%
197944Joe DeSantis
0%
196868Joe Heiser
0%
196524Joe Newton
0%
197631Joe Pace
0%
1986150Joe Price
0%
196596Joe Ramsey
0%
196645John Beasley
0%
1975107John Garrett
0%
196646John Jones
0%
197194John Novey
0%
196573John Wendelken
0%
196176John Wessels
0%
198612John Williams
0%
1979166Jo Jo Walters
0%
201446Jordan Clarkson (↳LAL)
0%
200240Juan Carlos Navarro
0%
200217Juan Dixon
0%
19945Juwan Howard
0%
1980151Karl Godine
0%
1985150Keith Gray
0%
1966109Ken Barnes
0%
1980127Ken Dancy
0%
1982173Ken Luck
0%
198512Kenny Green
0%
198565Kenny Perry
0%
196347Ken Siebel
0%
197518Kevin Grevey
0%
197239Kevin Porter
0%
199119LaBradford Smith
0%
197988Lamont Reid
0%
196356Larry Brown
0%
196191Larry Comley
0%
196263Larry Pursiful
0%
197614Larry Wright
0%
197881Lawrence Boston
0%
201030Lazar Hayward (↳MIN)
0%
197683L.C. Mason
0%
198836Ledell Eackles
0%
197413Len Elmore
0%
1972170Lloyd Adams
0%
1986128Lorenzo Duncan
0%
197319Louie Nelson
0%
1967157Loy Petersen
0%
1967134Lyn Burkholder
0%
196551Lyvonne LeFlore
0%
196720Malkin Strong
0%
198531Manute Bol
0%
197665Marion Hillard
0%
1973133Mark Jellison
0%
1974156Mark Raterink
0%
1979108Marshall Ashford
0%
1972106Marvin Brown
0%
1970100Marvin Polnick
0%
1985127Matt England
0%
196375M. C. Thompson
0%
1970183Mel Bell
0%
196292Mel Nowell
0%
19846Melvin Turpin (↳CLE)
0%
1976137Merlin Wilson
0%
198332Michael Britt
0%
197399Mike Allocco
0%
1973181Mike Battle
0%
1973148Mike Boylan
0%
1976170Mike Buescher
0%
196914Mike Davis
0%
1984190Mike Emanuel
0%
1975173Mike Fahey
0%
198148Mike Ferrara
0%
198244Mike Gibson
0%
1981170Mike Howard
0%
1972178Mike Krawczyk
0%
198258Mike Largey
0%
200035Mike Smith
0%
1970213Mike Williams
0%
197613Mitch Kupchak
0%
1971220Morrell James
0%
198712Muggsy Bogues
0%
201338Nate Wolters (↳PHI ↳MIL)
0%
196615Neil Johnson
0%
201035Nemanja Bjelica (↳MIN)
0%
1978165Nestor Cora
0%
197313Nick Weatherspoon
0%
200716Nick Young
0%
196329Nolen Ellison
0%
1962101Norman Majors
0%
200618Oleksiy Pecherov
0%
20133Otto Porter
0%
196299Pat McKenzie
0%
1977166Pat McKinley
0%
1987106Patrick Fairs
0%
1976101Pat Tallent
0%
1986104Paul Fortier
0%
196985Paul Loveday
0%
1967142Paul Mickey
0%
1969188Perry Johnson
0%
196281Pete Campbell
0%
1974173Pete Collins
0%
196498Pete Gent
0%
200432Peter John Ramos
0%
196430Pete Spoden
0%
1969200Phil Harris
0%
197739Phil Walker
0%
199748Predrag Drobnjak
0%
1976119Ralph Vallot
0%
1981212Ralton Way
0%
1981149Randy Martel
0%
198322Randy Wittman (↳ATL)
0%
19954Rasheed Wallace
0%
1979184Ray Hooker
0%
19997Richard Hamilton
0%
196365Rich Froistad
0%
198581Richie Adams
0%
197590Rich Jones
0%
1967148Rich Peek
0%
197143Rich Rinaldi
0%
1980170Rich Valavicius
0%
197858Rick Apke
0%
198035Rick Mahorn
0%
1983194Ricky Moreland
0%
198453Ricky Ross
0%
196792Robert Allen
0%
1981125Robert Williams
0%
1983103Robin Dixon
0%
1969168Rob Washington
0%
200239Rod Grizzard
0%
19632Rod Thorn
0%
1978102Roger Dickens
0%
196141Roger Kaiser
0%
197814Roger Phegley
0%
1965112Roger Taylor
0%
1967162Roland West
0%
196673Roland West
0%
1970168Ron Becker
0%
198179Ron Davis
0%
196338Ron Glaser
0%
196168Ron Heller
0%
196370Ron Jackson
0%
1971144Ron Johnson
0%
196457Ron Miller
0%
196826Ron Nelson
0%
199655Ronnie Henderson
0%
1973116Ronnie Hogue
0%
196768Ron Perry
0%
1968213Ron Woodruff
0%
1974102Roy McPipe
0%
1971211Rudolph Peele
0%
1968164Rudy Bogad
0%
1972137Ruppert Breedlove
0%
1971128Russell Golden
0%
1964100Sandy Williams
0%
198781Scott Thompson
0%
197049Seabern Hill
0%
201134Shelvin Mack
0%
1973197Shorty Simmons
0%
196533Skip Thoren
0%
19719Stan Love
0%
1969218Stan McKain
0%
196694Stan McKenzie
0%
197466Stan Washington
0%
1968124Steve Adelman
0%
200338Steve Blake
0%
1978197Steve Connor
0%
198144Steve Lingenfelter
0%
1979202Steve Martin
0%
198636Steve Mitchell
0%
1974138Steve Platt
0%
197757Steve Puidokas
0%
196183Steve Strange
0%
196515Tal Brody
0%
1970222Ted Rose
0%
199532Terrence Rencher (↳MIA)
0%
196210Terry Dischinger
0%
197837Terry Sykes
0%
196585Thales McReynolds
0%
196854Theodore Chaplin
0%
1978181Tim Claxton
0%
1984145Tim Garrett
0%
201232Tomáš Satoranský
0%
196474Tom Black
0%
196320Tom Bolyard
0%
1971200Tom Crosswhite
0%
1970134Tom Dykstra
0%
19926Tom Gugliotta
0%
1969206Tom Haggerty
0%
19899Tom Hammonds
0%
196295Tom Kennedy
0%
197348Tom Kozelko
0%
197548Tom Kropp
0%
197225Tom Patterson (↳BAL)
0%
1974121Tom Turner
0%
198434Tony Costner
0%
1967124Tony eatonto01
0%
197422Truck Robinson
0%
198558Vernon Moore
0%
1970233Vince Fritz
0%
202037Vit Krejci (↳OKC)
0%
200648Vladimir Veremeenko
0%
19611Walt Bellamy
0%
197272Walter Jones
0%
196591Walt Sahm
0%
1968110Wayne Chapman
0%
1982150Wendell Gibson
0%
198014Wes Matthews
0%
19682Wes Unseld
0%
1972150Wilbert Loftin
0%
1970151Will Hetzel
0%
197160Willie Allen
0%
1968151Willie Cager
0%
196971Willie Jackson
0%
196929Willie Scott
0%
196559Willie Somerset
0%
202256Yannick Nzosa
0%
196112York Larese
0%

Score Distribution

Percentile by Number Answered

Percent of People with Each Score

Your Score History

You have not taken this quiz